|
|
|
|
| LEADER |
00000cam a2200000 7i4500 |
| 001 |
0000008508 |
| 002 |
000009272 |
| 005 |
20000330.0 |
| 020 |
|
|
|a 0706373537
|
| 090 |
0 |
0 |
|a 646.21
|b COV
|
| 245 |
0 |
0 |
|a Cover magic :
|b Stylish transformations for your chairs,sofas and more
|c Edited by Dorothea Hall
|
| 260 |
|
|
|a London :
|b Ward Lock Book ,
|c 1995
|
| 300 |
|
|
|a 128p. :
|b ill. ;
|c 28cm.
|
| 650 |
0 |
0 |
|a Cartooning
|x Technique
|
| 650 |
0 |
0 |
|a Interior decoration
|
| 650 |
0 |
0 |
|a Slip covers
|
| 700 |
1 |
|
|a Hall, Dorothea
|
| 999 |
|
|
|a 048911
|b BUKU
|c PINJAMAN
|e PERPUSTAKAAN KOMUNITI PETALING JAYA
|
| 999 |
|
|
|a 081091
|b BUKU
|c PINJAMAN
|e PERPUSTAKAAN KOMUNITI PETALING JAYA
|
| 999 |
|
|
|a 081142
|b BUKU
|c PINJAMAN
|e PERPUSTAKAAN KOMUNITI PETALING JAYA
|
| 999 |
|
|
|a 081143
|b BUKU
|c PINJAMAN
|e PERPUSTAKAAN KOMUNITI PETALING JAYA
|